Aproximacin̤ a la intervencin̤ penal anticipada

Detalles Bibliográficos
Autor principal: Vl̕chez Chinchayǹ, Ronald Henry
Formato: eBook
Lenguaje:español
Publicado: Lima: Palestra Editores, 2018
Materias:
Acceso en línea:Acceso restringido

MARC

LEADER 00000nam a22000007a 4500
005 20190814132158.0
007 cr|||| ||||
008 190814s2018 pe |||||s|||| 00||0 spa d
020 |a 978-612-325-039-3 
035 |a 24049 
040 |a vLex 
090 |c 9185  |d 9185 
100 1 |a Vl̕chez Chinchayǹ, Ronald Henry 
245 1 0 |a Aproximacin̤ a la intervencin̤ penal anticipada  |h [Recurso electrn̤ico] /  |c Ronald Henry Vl̕chez Chinchayǹ 
256 |a Servicio en ln̕ea 
260 |a Lima:  |b Palestra Editores,  |c 2018 
300 |a 1 recurso electrn̤ico 
506 1 |a Disponible solo en los productos indicados  |d vLex Global  |d vLex Global (Academic Edition, excluding Law Schools)  |d vLex Global (U.S. Academic Edition, Law Schools)  |d vLex Global (U.S. Academic Edition, excluding Law Schools)  |d vLex Global (Academic Edition, Law Schools) 
650 0 4 |a Derecho Penal  |z Per︢ 
740 0 |a vLex Libros (Servicio en ln̕ea) 
856 4 0 |u http://vlex.com/source/aproximacion-intervencion-penal-anticipada-24049  |z Acceso restringido 
942 |c BOOK 
999 0 |a Criminal law